000 01281nam a22003617a 4500
005 20240530110411.0
008 150216s2012 ua cobfa b 000 0 eng d
017 _a11491/2011
_bمصر . دار الكتب المصرية
020 _a9771443860
040 _aEG-CaGPL
041 0 _aara
082 0 4 _221
_a926.1
_bط/ج س
100 0 _aجيهان ممدوح ملأمون
245 1 0 _aتنيس /
_bتقديم احمد عبدالرازق احمد ؛ تاليف جيهان ممدوح مأمون
250 _aط1
260 _aالقاهرة :
_bنهضة مصر للنشر ،
_c2012
300 _a64 ص :
_bايض ،
_c32 سم
490 0 _aسلسلة مدن مصرية
650 0 4 _aالحملات الصليبية
650 0 4 _aصناعة المنسوجات
650 0 4 _aمساجد دمياط
650 0 4 _aالعصر الفاطمى
651 0 4 _aتنيس ( مصر )
651 0 4 _aالفسطاط
651 0 4 _aالفسطاط
_xمساجد
651 0 4 _aالفسطاط
_xكنائس
651 0 4 _aالفسطاط
_xالمعبد اليهودى
651 0 4 _aتنيس ( مصر )
_xوصف ورحلات
651 0 4 _aدمياط
700 0 _aاحمد عبدالرازق احمد
_eمقدم
942 _2ddc
_cBK
999 _c60460
_d60460